000 01055cam a2200217 4500
001 WB3702-23
008 000000n2001 000 0 eng u
035 _a(Sirsi) u110267
245 _aSlump for retail
260 _c2001
490 _aProperty Week
_v66(1) 5 January 2001, 2(1)
520 _aResearch from GVA Grimley and the CBI indicates a widening gap between the retail and office sectors; 28% of occupiers are increasing their office holdings with only 8% reducing them. This is a marked contrast to the retail sector where the balance between retailers looking to expand or reduce has fallen from 57% in November 1999 to 9% and is predicted to fall to 5% in the next six months.
590 _aWB
650 _aPROPERTY HOLDINGS
650 _aOCCUPIERS REQUIREMENTS
650 _aINDUSTRIAL MARKET
650 _aPROPERTY-COMMERCIAL PROPERTY-RETAIL PROPERTY-RETAIL PROPERTY MARKET
650 _aPROPERTY-COMMERCIAL PROPERTY-OFFICE PROPERTY-OFFICE PROPERTY MARKET
690 _aPROPERTY MANAGEMENT-CORPORATE REAL ESTATE
942 _n0
999 _c65757
_d65757